Histoire du droit administratif

Salvato in:
Dettagli Bibliografici
Autore principale: Renaut, Marie-Hélène (Autore)
Natura: Libro
Lingua:francese
Pubblicazione: París Ellipses 2007
Edizione:1a. ed
Serie:Collection Mise au Point
Soggetti:
Tags: Aggiungi Tag
Nessun Tag, puoi essere il primo ad aggiungerne!!

MARC

LEADER 00000cam a2200000 a 4500
001 UCC2402
003 CL-VaPUC
008 180119e20070000fr |||||||||||||||||fre|d
020 |a 9782729834494 
082 0 4 |a 342.06  |b REN  |2 21 
100 0 |a Renaut, Marie-Hélène  |e author  |9 596489 
245 1 0 |a Histoire du droit administratif 
250 |a 1a. ed 
300 |a 156 p 
942 |c BK 
945 |d 20180119 15:30:00  |a arojas 
260 |a París  |b Ellipses  |c 2007 
650 0 |a Historia del derecho  |9 255109 
650 0 |a Derecho administrativo  |9 254851 
650 0 |a Derecho francés  |9 385145 
583 |a last modification  |c 20180119 15:30:00  |k Rodrigo Vera 
490 0 |a Collection Mise au Point 
999 |c 370550  |d 370548 
952 |0 0  |1 0  |3 erb  |4 0  |6 342_060000000000000_REN_2007  |7 0  |8 A  |9 487081  |a BIBDER  |b BIBDER  |i 5451361  |o 342.06 REN 2007  |p 5451361  |r 2023-01-25  |w 2019-11-24  |y BK  |z Catalogado en:20180119  |k DER